000 00341nam a2200133Ia 4500
005 20251222141947.0
008 251222s9999||||xx |||||||||||||| ||spa||
020 _a84-204-9765-9
082 _aREF.398.2/M86
100 _aMorales y Marín, José Luis
245 0 _aDiccionario de Iconología y Simbología
264 _bTaurus
942 _cLIB
999 _c9557
_d9557